000 00642nam a2200181Ia 4500
008 090630s9999 xx 000 0 und d
082 _b23973
100 _aकाळे वैजयंती.
245 _aदुखावलेली.
_cकाळे वैजयंती.
260 _bनंदादीप बुक सर्व्हिसेस - सोलापूर.
300 _a0
600 _aकाळे वैजयंती.
630 _aदुखावलेली.
655 _aकादंबरी.
700 _aकाळे वैजयंती.
730 _aदुखावलेली.
942 _cBOOK
999 _c275829
_d275829